| 000 | 01091nam a2200277Ia 4500 | ||
|---|---|---|---|
| 001 | 9716 | ||
| 003 | GE_BSU | ||
| 008 | 181216s||||||||xx |||||||||||||| ||und|| | ||
| 020 | _a9789941434693 | ||
| 040 | _cGE_BSU | ||
| 080 | _a004.42(075.8) | ||
| 100 | _aხინიკაძე,თენგიზ | ||
| 245 | _aკომპიუტერის არქიტექტურა და ორგანიზება | ||
| 245 | _bსახელმძღვ. | ||
| 245 | _cრედ:გ.კახიანი | ||
| 260 | _aბათუმი. | ||
| 260 | _bშოთა რუსთაველის სახელმწ.უნ-ტის გამ-ბა | ||
| 260 | _c2014. | ||
| 300 | _a198გვ;19სმ. | ||
| 300 | _bცხრ;ბიბლიოგრ:გვ;195-197 | ||
| 541 | _h4ლ.57თ. | ||
| 653 | _aინფორმატიკა | ||
| 653 | _aკომპიუტერის არქიტექტურა და ორგანიზება | ||
| 653 | _aსაინფორმაციო ტექნოლოგიები | ||
| 942 | _cBK | ||
| 999 |
_c42999 _d42999 |
||